Countries of the World in All Featured Languages - Statistics

General Stats
  • This quiz has been taken 35,555 times
  • The average score is 594 of 1764
Answers on the Map
Answers color-coded by a green-red scale on the quiz's map according to % correct below.
 
Answer Stats
Country % Correct
United States
91%
Stati Uniti
87%
Etats-Unis
86%
Canada
85%
Canadá
85%
Stany Zjednoczone
85%
Vereinigte Staaten
85%
Yhdysvallat
85%
Russia
83%
Rússia
83%
United Kingdom
77%
Brazil
76%
France
76%
China
74%
Chiny
74%
Mexico
74%
México
74%
Spain
72%
Australia
71%
Austrália
71%
Germany
69%
India
66%
Índia
66%
Argentina
65%
Argentyna
65%
Japan
65%
Denmark
64%
Finland
64%
Finnland
64%
Portugal
64%
Sweden
63%
Ireland
62%
Italy
62%
Chile
61%
Norway
61%
Poland
61%
Colombia
60%
Iceland
60%
New Zealand
60%
Peru
60%
Perú
60%
Perù
60%
Colombia
59%
Colômbia
59%
Ukraine
59%
Egypt
58%
Indonesia
58%
Indonésia
58%
Turkey
58%
Algeria
57%
Algieria
57%
Bolivia
57%
Bolívia
57%
Cuba
57%
Democratic Republic of the Congo
57%
Democratische Republiek Congo
57%
Irão
57%
Mongolia
57%
Mongólia
57%
Saudi Arabia
57%
South Africa
57%
Venezuela
57%
Colombia
56%
Madagaskar
56%
Netherlands
56%
South Korea
56%
Uruguay
56%
Venezuela
56%
Irak
55%
Iraq
55%
Kazajistán
55%
Kazakhstan
55%
Kazakistan
55%
Madagascar
55%
Madagáscar
55%
Madagaskar
55%
Morocco
55%
Niger
55%
Níger
55%
Paraguay
55%
Austria
54%
Áustria
54%
Dominican Republic
54%
Greece
54%
Iraq
54%
Libya
54%
Nigeria
54%
Nigéria
54%
North Korea
54%
Omã
54%
Pakistan
54%
Pakistán
54%
Panama
54%
Panamá
54%
Repubblica del Congo
54%
Repubblica Democratica del Congo
54%
República del Congo
54%
República Democrática del Congo
54%
República Democrática do Congo
54%
República do Congo
54%
Republic of the Congo
54%
Republiek Congo
54%
République démocratique du Congo
54%
République du Congo
54%
Saudi-Arabia
54%
Soedan
54%
Sudan
54%
Sudán
54%
Afghanistan
53%
Andora
53%
Andorra
53%
Andorre
53%
Chad
53%
Ecuador
53%
Equador
53%
Mali
53%
Paraguay
53%
Romania
53%
Thailand
53%
Thaïlande
53%
Uruguay
53%
Vatican
53%
Vatican City
53%
Vietname
53%
Yemen
53%
Yémen
53%
Angola
52%
Bahama
52%
Belarus
52%
Bielorrusia
52%
Bielorrússia
52%
Bielorussia
52%
Biélorussie
52%
Brasil
52%
Guatemala
52%
Haiti
52%
Haïti
52%
Haití
52%
Mali
52%
Malí
52%
Weißrussland
52%
Belgium
51%
Birma
51%
Ethiopia
51%
Guatemala
51%
Guyana
51%
Honduras
51%
Monaco
51%
Mónaco
51%
Mônaco
51%
Myanmar
51%
Philippines
51%
San Marino
51%
Somalia
51%
Somália
51%
Surinam
51%
Suriname
51%
Uruguay
51%
Albania
50%
Albânia
50%
Andorra
50%
Bulgaria
50%
Bułgaria
50%
Bulgária
50%
Costa Rica
50%
Dominica
50%
Estonia
50%
Estônia
50%
Figi
50%
Fiji
50%
Iran
50%
Irán
50%
Israel
50%
Israël
50%
Kenya
50%
Laos
50%
Latvia
50%
Luxembourg
50%
Luxemburg
50%
Namibia
50%
Namíbia
50%
Nicaragua
50%
Nicarágua
50%
Papua New Guinea
50%
South Sudan
50%
Sri Lanka
50%
Suriname
50%
United Arab Emirates
50%
Zambia
50%
Zimbábue
50%
Zimbabwe
50%
Afghanistan
49%
Belize
49%
Cambodia
49%
Czech Republic
49%
El Salvador
49%
Fiji
49%
Ghana
49%
Guatemala
49%
Guiné
49%
Hungary
49%
Jamaica
49%
Liechtenstein
49%
Lithuania
49%
Malaysia
49%
Malta
49%
Mauritania
49%
Salvador
49%
Sri Lanka
49%
Switzerland
49%
Syria
49%
Tanzania
49%
Turkmenistan
49%
Turkmenistán
49%
Turkménistan
49%
Uzbekistan
49%
Uzbekistán
49%
Zambia
49%
Zâmbia
49%
Zimbabwe
49%
Bosnia and Herzegovina
48%
Bosnia ed Erzegovina
48%
Bósnia e Herzegovina
48%
Bośnia i Hercegowina
48%
Bosnia ja Hertsegovina
48%
Bosnia y Herzegovina
48%
Botsuana
48%
Botswana
48%
Catar
48%
Central African Republic
48%
Croatia
48%
El Salvador
48%
Ghana
48%
Kiribati
48%
Kroatia
48%
Liechtenstein
48%
Maldive
48%
Micronesia
48%
Mozambique
48%
Qatar
48%
Santa Lucia
48%
Serbia
48%
Singapore
48%
Slovakia
48%
Tanzania
48%
Tanzânia
48%
Togo
48%
Tunisia
48%
Uzbekistan
48%
Antigua and Barbuda
47%
Antigua en Barbuda
47%
Antigua-et-Barbuda
47%
Antigua ja Barbuda
47%
Antigua und Barbuda
47%
Antigua y Barbuda
47%
Armenia
47%
Armênia
47%
Azerbaijan
47%
Bahrajn
47%
Bahrein
47%
Barbados
47%
Cameroon
47%
Federated States of Micronesia
47%
Guinea
47%
Guinée
47%
Ivory Coast
47%
Jordan
47%
Kyrgyzstan
47%
Liechtenstein
47%
Myanmar
47%
Saint-Christophe- et-Niévès
47%
Saint Kitts and Nevis
47%
Saint Kitts e Nevis
47%
Saint Kitts en Nevis
47%
Saint Kitts i Nevis
47%
Saint Kitts ja Nevis
47%
Saint Lucia
47%
Senegal
47%
Sénégal
47%
Slovenia
47%
St. Kitts und Nevis
47%
St. Lucia
47%
Tajikistan
47%
Trinidad and Tobago
47%
Trinidad en Tobago
47%
Trinidad e Tobago
47%
Trinidad und Tobago
47%
Trinidad y Tobago
47%
Trinité-et-Tobago
47%
Antigua e Barbuda
46%
Antígua e Barbuda
46%
Antigua i Barbuda
46%
Azerbaïdjan
46%
Azerbaiyán
46%
Bahrain
46%
Benim
46%
Benin
46%
Benín
46%
Bénin
46%
Birmania
46%
Birmânia
46%
Birmanie
46%
Cape Verde
46%
Cypr
46%
Georgia
46%
Geórgia
46%
Îles Marshall
46%
Ilhas Marshall
46%
Islas Salomón
46%
Isole Marshall
46%
Lesotho
46%
Nepal
46%
Népal
46%
Oman
46%
Omán
46%
Palaos
46%
Palau
46%
Republika Zielonego Przylądka
46%
Saint Vincent and the Grenadines
46%
Saint Vincent e Grenadine
46%
Saint Vincent en de Grenadines
46%
Saint-Vincent-et-les- Grenadines
46%
Saint Vincent i Grenadyny
46%
Saint Vincent ja Grenadiinit
46%
Salomon
46%
Senegal
46%
Seychelles
46%
St. Vincent und die Grenadinen
46%
Tonga
46%
Trinidad ja Tobago
46%
Tunisia
46%
Tunísia
46%
Tuvalu
46%
Vanuatu
46%
Vietnam
46%
Viêt Nam
46%
Azerbaijan
45%
Bangladés
45%
Bhutan
45%
Deutschland
45%
Eritrea
45%
Estados Federados de Micronesia
45%
Estados Federados da Micronésia
45%
Gabon
45%
Gabón
45%
Gambia
45%
Lebanon
45%
Liberia
45%
Libéria
45%
Macedonia del Norte
45%
Macedonia Północna
45%
Mauritania
45%
Mauritânia
45%
Mauritius
45%
Nauru
45%
North Macedonia
45%
Oeganda
45%
Rwanda
45%
Samoa
45%
Seychelles
45%
Stati Federati di Micronesia
45%
Tadjikistan
45%
Tadzjikistan
45%
Taiwan
45%
Tuvalu
45%
Uganda
45%
Azerbeidzjan
44%
Bhutan
44%
Brunei
44%
Brunéi
44%
Burkina Faso
44%
Comores
44%
Comoros
44%
Eritrea
44%
Eswatini
44%
Gambia
44%
Gâmbia
44%
Granada
44%
Grenada
44%
Guinea-Bissau
44%
Guinée-Bissau
44%
Kosovo
44%
Kuwait
44%
Kuweit
44%
Kuwejt
44%
Moldávia
44%
Moldavie
44%
Rwanda
44%
Swasiland
44%
Swaziland
44%
Tagikistan
44%
Taiwan
44%
Taiwán
44%
Taïwan
44%
Tayikistán
44%
Burundi
43%
Cyprus
43%
Djibouti
43%
Grenada
43%
Italia
43%
Itália
43%
Moldova
43%
Montenegro
43%
Monténégro
43%
São Tomé and Príncipe
43%
Sao Tomé en Principe
43%
Sao Tome e Principe
43%
São Tomé e Príncipe
43%
Sao Tomé-et-Principe
43%
São Tomé ja Príncipe
43%
São Tomé und Príncipe
43%
Vanuatu
43%
Bahamas
42%
Bahamy
42%
Centraal-Afrikaanse Republiek
42%
Djibouti
42%
Equatorial Guinea
42%
Guinea-Bissau
42%
Malaui
42%
Malawi
42%
Mauritius
42%
Sierra Leone
42%
Vanuatu
42%
Bahama's
41%
Bahamas
41%
Burkina Faso
41%
España
41%
Eswatini
41%
Liechtenstein
41%
Maldives
41%
Sierra Leone
41%
Suazilandia
41%
Swazimaa
41%
Bangladesh
39%
Liechtenstein
39%
Bangladesh
38%
Marshall Islands
38%
Solomon Islands
38%
Suriname
38%
East Timor
37%
Macedonia del Nord
37%
Macedónia do Norte
37%
Island
34%
Australië
33%
Australie
33%
Dominicaanse Republiek
33%
Papua-Uusi-Guinea
32%
Côte d'Ivoire
31%
Italië
31%
Italie
31%
Algerije
30%
Irland
29%
Kanada
29%
Algérie
28%
Chine
28%
Estados Unidos
28%
Francia
28%
Elfenbeinküste
27%
Holandia
27%
Indie
27%
Ivoorkust
27%
Japón
27%
Japon
27%
Albanië
26%
Albanie
26%
Belgia
26%
Costa d'Avorio
26%
Costa de Marfil
26%
Costa do Marfim
26%
Indonesië
26%
Indonésie
26%
Irak
26%
Mongolei
26%
Österreich
26%
Russland
26%
Wybrzeże Kości Słoniowej
26%
Brasilia
25%
Bulgarije
25%
Dänemark
25%
Irak
25%
Norsunluurannikko
25%
Russie
25%
Cap-Vert
24%
Estados Unidos
24%
Luxemburg
24%
Mongolië
24%
Mongolie
24%
Oost-Timor
24%
Syrië
24%
Allemagne
23%
Argentine
23%
Armenië
23%
Arménie
23%
Bolivie
23%
Bosnië en Herzegovina
23%
Brazilië
23%
Bulgarie
23%
Luxemburg
23%
Osttimor
23%
Papua-Neuguinea
23%
Somalië
23%
Somalie
23%
Syrie
23%
België
22%
Bosnie-Herzégovine
22%
Cabo Verde
22%
Ethiopië
22%
Frankreich
22%
Mauritanië
22%
Mauritanie
22%
Papouasie-Nouvelle- Guinée
22%
Papua Nueva Guinea
22%
Timor oriental
22%
Chili
21%
Éthiopie
21%
Georgië
21%
Géorgie
21%
Itä-Timor
21%
Kenia
21%
Liban
21%
Nederland
21%
Papoea-Nieuw-Guinea
21%
Papua Nova Guiné
21%
Serbie
21%
Spanje
21%
Zuid-Soedan
21%
Marokko
20%
Namibië
20%
Namibie
20%
Papua-Nowa Gwinea
20%
Polska
20%
Saoedi-Arabië
20%
Slovenië
20%
Slovénie
20%
Suomi
20%
Timor-Leste
20%
Zuid-Korea
20%
Afganistán
19%
Afganistan
19%
Alemania
19%
Belgique
19%
Demokratische Republik Kongo
19%
Demokratyczna Republika Konga
19%
Egypte
19%
Kirguistán
19%
Kuba
19%
Libia
19%
Líbia
19%
Maroc
19%
Noord-Korea
19%
Tunisie
19%
Colombie
18%
Croatie
18%
Danemark
18%
Égypte
18%
Espagne
18%
Finlandia
18%
Finlândia
18%
Jordanië
18%
Jordanie
18%
Kirghizistan
18%
Kongo
18%
Kongon demokraattinen tasavalta
18%
Kongon tasavalta
18%
Libye
18%
Litauen
18%
Nieuw-Zeeland
18%
Nueva Zelanda
18%
Polen
18%
Republik Kongo
18%
Südkorea
18%
Südsudan
18%
Sud Sudan
18%
Suisse
18%
Zuid-Afrika
18%
Argentinië
17%
Filipinas
17%
Grecia
17%
Grécia
17%
Nordkorea
17%
Rusia
17%
Slowakije
17%
Turkije
17%
Australien
16%
Chade
16%
Estonie
16%
Etiopía
16%
Etiopia
16%
Etiópia
16%
Italien
16%
Jemen
16%
Kamerun
16%
Líbano
16%
Libano
16%
Marokko
16%
Maroko
16%
Mexique
16%
Royaume-Uni
16%
Ruanda
16%
Schweiz
16%
Tanzanie
16%
Verenigde Staten
16%
Zambie
16%
Ciudad del Vaticano
15%
Egipt
15%
Guinee-Bissau
15%
Indien
15%
Jordania
15%
Jordânia
15%
Katar
15%
Kazakstan
15%
Libië
15%
Liettua
15%
Madagaskar
15%
Nova Zelândia
15%
Pays-Bas
15%
Polonia
15%
Polônia
15%
República Dominicana
15%
Singapur
15%
Sudáfrica
15%
Sudafrica
15%
Albanien
14%
Algerien
14%
Bahrein
14%
Brasilien
14%
Bután
14%
Città del Vaticano
14%
Dominika
14%
França
14%
Guinee
14%
Hungría
14%
Islandia
14%
Islândia
14%
Kirghizistan
14%
Kroatië
14%
Lituanie
14%
Mexiko
14%
Micronésie
14%
Noord-Macedonië
14%
Noorwegen
14%
Spanien
14%
Südafrika
14%
Vereinigtes Königreich
14%
Armenien
13%
Belgien
13%
Bolivien
13%
Brésil
13%
Bulgarien
13%
Espanja
13%
Germania
13%
Grèce
13%
Inde
13%
Indonesien
13%
Jamaika
13%
Reino Unido
13%
Suède
13%
Türkei
13%
Ukraina
13%
Vaticano
13%
Vatikanstadt
13%
Argentinien
12%
Bosnien und Herzegowina
12%
Estland
12%
Gambie
12%
Irlande
12%
Kasachstan
12%
Kazachstan
12%
Kirgisia
12%
Kirgisistan
12%
Kirgizië
12%
Kolumbia
12%
Lettland
12%
Niederlande
12%
Rusland
12%
Serbien
12%
Siria
12%
Síria
12%
Syrien
12%
Thailandia
12%
Afrique du Sud
11%
Arabia Saudita
11%
Bahreïn
11%
Belgia
11%
Bélgica
11%
Camerún
11%
Camerun
11%
Comoras
11%
Finlande
11%
Gana
11%
Georgien
11%
Griechenland
11%
Griekenland
11%
Irlanda
11%
Kroatien
11%
Libanon
11%
Lituania
11%
Lituânia
11%
Maldiven
11%
Malte
11%
Moldavia
11%
Moldavië
11%
Norvège
11%
Norwegen
11%
Pologne
11%
Schweden
11%
Tchad
11%
Ungarn
11%
Comoren
10%
Dominique
10%
Duitsland
10%
Emiratos Árabes Unidos
10%
Émirats arabes unis
10%
Filipinas
10%
Grenade
10%
Islande
10%
Jordanien
10%
Lesoto
10%
Libyen
10%
Malaisie
10%
Mauretanien
10%
Reino Unido
10%
Repubblica Dominicana
10%
República Centro-Africana
10%
República Dominicana
10%
République Centrafricaine
10%
Sambia
10%
Saudi-Arabien
10%
Suecia
10%
Suécia
10%
Tunesië
10%
Turquie
10%
Vereinigte Arabische Emirate
10%
Ägypten
9%
Autriche
9%
Baréin
9%
Brasile
9%
Comores
9%
Corea del Norte
9%
Corea del Sur
9%
Corée du Nord
9%
Corée du Sud
9%
Dinamarca
9%
Egypti
9%
Emirados Árabes Unidos
9%
Emirati Arabi Uniti
9%
Föderierte Staaten von Mikronesien
9%
Granada
9%
Guiana
9%
Guiné-Bissau
9%
Irlandia
9%
Jamaïque
9%
Kap Verde
9%
Kirgistan
9%
Lussemburgo
9%
Monako
9%
Neuseeland
9%
Noruega
9%
Países Bajos
9%
República Centroafricana
9%
Rumänien
9%
Sainte-Lucie
9%
Santa Lucía
9%
Santa Lúcia
9%
Seychellen
9%
Simbabwe
9%
Soudan
9%
Sudán del Sur
9%
Tailandia
9%
Tailândia
9%
Tansania
9%
Tschad
9%
Tschechien
9%
Turquía
9%
Turquia
9%
Verenigd Koninkrijk
9%
Camboja
8%
Cameroun
8%
Cina
8%
Egipto
8%
Frankrijk
8%
Guinée équatoriale
8%
Kap Verde
8%
Kazachstan
8%
Kolumbien
8%
Komoren
8%
Malasia
8%
Malásia
8%
Malediven
8%
Marocco
8%
Marruecos
8%
Mjanma
8%
Mosambik
8%
Mozambik
8%
Nordmazedonien
8%
Nouvelle-Zélande
8%
Pérou
8%
Portugali
8%
Roumanie
8%
Rumania
8%
Saint-Marin
8%
Tsjaad
8%
Usbekistan
8%
Verenigde Arabische Emiraten
8%
Arabie Saoudite
7%
Argelia
7%
Argélia
7%
Aserbaidschan
7%
Äthiopien
7%
Bangladesch
7%
Barbade
7%
Cambodge
7%
Cambodja
7%
Croacia
7%
Croácia
7%
Dominikanische Republik
7%
Fidji
7%
Filipijnen
7%
Hongrie
7%
Hungria
7%
Ierland
7%
Iraque
7%
Japani
7%
Kambodscha
7%
Koeweit
7%
Kolumbia
7%
Letonia
7%
Letónia
7%
Lettonie
7%
Luxemburgo
7%
Maldivas
7%
Niemcy
7%
Oostenrijk
7%
Philippinen
7%
República Checa
7%
République dominicaine
7%
République tchèque
7%
Slovaquie
7%
Slowakei
7%
Slowenien
7%
Soudan du Sud
7%
Tunesien
7%
Ucrania
7%
Ucrânia
7%
Vaticaanstad
7%
Wielka Brytania
7%
Zentralafrikanische Republik
7%
Zypern
7%
Arabia Saudita
6%
Arábia Saudita
6%
Belice
6%
Bhoutan
6%
Chipre
6%
Chypre
6%
Cile
6%
Denemarken
6%
Dżibuti
6%
Équateur
6%
Eslovaquia
6%
Eslováquia
6%
Eslovenia
6%
Eslovénia
6%
Fidschi
6%
Gabun
6%
Guinea Ecuatorial
6%
IJsland
6%
Île Maurice
6%
Islas Marshall
6%
Japonia
6%
Letland
6%
Luxemburgo
6%
Marshallinseln
6%
Meksiko
6%
Mikronesia
6%
Moldawien
6%
Nikaragua
6%
Norvegia
6%
Norwegia
6%
Ouganda
6%
Países Baixos
6%
Paraguai
6%
São Vicente e Granadinas
6%
Singapour
6%
Spagna
6%
Suiza
6%
Tadschikistan
6%
Túnez
6%
Uruguai
6%
Zimbabue
6%
Zjednoczone Emiraty Arabskie
6%
Zweden
6%
Alemanha
5%
Äquatorial-Guinea
5%
Capo Verde
5%
Corea del Sud
5%
Dania
5%
Dschibuti
5%
Espanha
5%
Fidżi
5%
Fidži
5%
Filippine
5%
Hongarije
5%
Iémen
5%
Islanda
5%
Isole Salomone
5%
Kaapverdië
5%
Kambodža
5%
Kameroen
5%
Litouwen
5%
Macédoine du Nord
5%
Maleisië
5%
Malesia
5%
Mauretania
5%
Maurícia
5%
Mauricio
5%
Messico
5%
Oekraïne
5%
Ouzbékistan
5%
Palaos
5%
Pohjois-Makedonia
5%
Portugalia
5%
Roemenië
5%
Rosja
5%
Saksa
5%
Salomonen
5%
San Vicente y las Granadinas
5%
Servië
5%
Sierra Leona
5%
Svizzera
5%
Timor Est
5%
Timor Oriental
5%
Tsjechië
5%
Ucraina
5%
Viro
5%
Zwitserland
5%
África do Sul
4%
Belgio
4%
Białoruś
4%
Boliwia
4%
Brazylia
4%
Camboya
4%
Ciad
4%
Cipro
4%
Corea del Nord
4%
Croazia
4%
Czad
4%
Czechy
4%
Danimarca
4%
Egitto
4%
Ekwador
4%
Érythrée
4%
Fiyi
4%
Francja
4%
Giappone
4%
Guinea Equatoriale
4%
Hiszpania
4%
Israele
4%
Izrael
4%
Japão
4%
Kambodża
4%
Koweït
4%
Lettonia
4%
Luksemburg
4%
Marshalleilanden
4%
Meksyk
4%
Moçambique
4%
Nuova Zelanda
4%
Oezbekistan
4%
Paesi Bassi
4%
Portogallo
4%
Regno Unito
4%
Repubblica Ceca
4%
Ruotsi
4%
Salomonseilanden
4%
San Cristóbal y Nieves
4%
Singapura
4%
Słowenia
4%
Svezia
4%
Tšad
4%
Turchia
4%
Venäjä
4%
Włochy
4%
Afeganistão
3%
Alankomaat
3%
Arabia Saudyjska
3%
Argentiina
3%
Azerbaidžan
3%
Azerbaijão
3%
Azerbejdżan
3%
Bangladesz
3%
Butão
3%
Camarões
3%
Cambogia
3%
Cazaquistão
3%
Chorwacja
3%
Coreia do Norte
3%
Coreia do Sul
3%
Dominikana
3%
Egito
3%
Equatoriaal-Guinea
3%
Erytrea
3%
Essuatíni
3%
Filipiny
3%
Gabão
3%
Giamaica
3%
Gibuti
3%
Giordania
3%
Grecja
3%
Gruzja
3%
Guiné Equatorial
3%
Gujana
3%
Gwatemala
3%
Gwinea
3%
Gwinea Bissau
3%
Indonezja
3%
Intia
3%
Irlanti
3%
Islanti
3%
Itävalta
3%
Jamajka
3%
Kiina
3%
Komory
3%
Korea Północna
3%
Korea Południowa
3%
Kosowo
3%
Kostaryka
3%
Kreikka
3%
Kuuba
3%
Kypros
3%
Litwa
3%
Łotwa
3%
Malediwy
3%
Malezja
3%
Marrocos
3%
Mikronezja
3%
Mołdawia
3%
Mozambico
3%
Norja
3%
Nowa Zelandia
3%
Paquistão
3%
Paragwaj
3%
Puola
3%
Quênia
3%
Ranska
3%
Repubblica Centrafricana
3%
Republika Południowej Afryki
3%
Republika Środkowoafrykańska
3%
Romênia
3%
Rumunia
3%
Salwador
3%
Santo Tomé y Príncipe
3%
Sérvia
3%
Slovacchia
3%
Słowacja
3%
Sudão
3%
Suíça
3%
Szwajcaria
3%
Szwecja
3%
Tadžikistan
3%
Tajlandia
3%
Tajwan
3%
Tanska
3%
Tšekki
3%
Turcja
3%
Turkki
3%
Ungheria
3%
Unkari
3%
Urugwaj
3%
Valko-Venäjä
3%
Watykan
3%
Węgry
3%
Wenezuela
3%
Wietnam
3%
Yibuti
3%
Czarnogóra
2%
Dominikaaninen tasavalta
2%
Eritreia
2%
Etelä-Afrikka
2%
Etelä-Korea
2%
Etelä-Sudan
2%
Filippiinit
2%
Gwinea Równikowa
2%
Ilhas Salomão
2%
Keski-Afrikan tasavalta
2%
Komorit
2%
Malediivit
2%
Päiväntasaajan Guinea
2%
Papua Nuova Guinea
2%
Pohjois-Korea
2%
Quirguistão
2%
São Cristóvão e Nevis
2%
Serra Leoa
2%
Seszele
2%
Seychellit
2%
Sudan Południowy
2%
Sudão do Sul
2%
Sveitsi
2%
Syyria
2%
Tadżykistan
2%
Tajiquistão
2%
Thaimaa
2%
Timor Wschodni
2%
Trynidad i Tobago
2%
Tunezja
2%
Turquemenistão
2%
Uusi-Seelanti
2%
Uzbequistão
2%
Vatikaanivaltio
2%
Wyspy Marshalla
2%
Wyspy Salomona
2%
Wyspy Świętego Tomasza i Książeca
2%
Yhdistyneet arabiemiirikunnat
2%
Yhdistynyt kuningaskunta
2%
Marshallinsaaret
1%
Salomonsaaret
1%
No matching quizzes found
Score Distribution
Percent of People with Each Score
Percentile by Number Answered
Your Score History
You have not taken this quiz